| 000 | 00646nas a2200229 4500 | ||
|---|---|---|---|
| 001 | BR8201837 | ||
| 003 | BR-BrBNA | ||
| 005 | 20231205085116.0 | ||
| 007 | ta | ||
| 008 | 230509b bl.|||p| |||| 00| 00por d | ||
| 040 |
_aBR-BrBNA _bpor _cBiblioteca Nacional de Agricultura |
||
| 041 | _a(Pt) | ||
| 072 | _aE70 | ||
| 100 | 1 | _aAzambuja, G. de | |
| 245 | 1 | _aHoje e dia de feira [Abastecimento; Brasil] | |
| 650 | _aABASTECIMENTO | ||
| 650 | _aFEIRA | ||
| 650 | _aPRECO | ||
| 773 | 0 |
_tAgricultura de Hoje (Brazil) _xISSN 0100-5707 _g(Apr 1982), v. 8(79) p. 38-39 _wBR8201837 |
|
| 909 |
_a202311 _bLúcia _c55 _dLúcia Elande |
||
| 942 |
_2AGRIS _n0 _cANA |
||
| 999 |
_c109264 _d109264 |
||